Normal view
MARC view
Entry Meeting Name
001 - CONTROL NUMBER
- control field: 21366
003 - CONTROL NUMBER IDENTIFIER
- control field: OSt
005 - DATE AND TIME OF LATEST TRANSACTION
- control field: 20211105134551.0
008 - FIXED-LENGTH DATA ELEMENTS
- fixed length control field: 211105|| aca||aabn | a|a d
040 ## - CATALOGING SOURCE
- Original cataloging agency: OSt
- Transcribing agency: OSt
111 ## - HEADING--MEETING NAME
- Meeting name or jurisdiction name as entry element: Les Houches School of Physics
- Location of meeting: Haute Savoie
- Date of meeting or treaty signing: 1995 Sept. 26 - Oct. 6
670 ## - SOURCE DATA FOUND
- Source citation: Work cat.: (OSt): Les Houches School of Physics Haute Savoie 1995 Sept. 26 - Oct. 6, Relativistic gravitation and gravitational radiation, 1997